| 000 | 00454 as a2200181 a 4500 | ||
|---|---|---|---|
| 001 | 61780 | ||
| 008 | s 9999sw |||p r|||||||||||swe|| | ||
| 022 | _a0023-7205 | ||
| 084 |
_a(p) _2kssb/8 |
||
| 245 | 0 | 0 | _aLäkartidningen |
| 260 | _bLäkartidningen förlag AB, | ||
| 310 | _a36 Nr / år | ||
| 500 | _aGår ut på cirkulation och sätts sedan ut i läsrummet. | ||
| 762 | 0 | _w61781 | |
| 762 | 0 | _w64631 | |
| 762 | 0 | _w69055 | |
| 999 |
_c4928 _d4928 |
||